Manual de mecánica teórica /

Compilación de conceptos teóricos de la mecánica. Contenido: Formulación lagrangiana; Formulación hamiltoniana; Ecuación de Hamilton-Jacobi; Teoría de perturbaciones; Sistemas continuos; Mecánica y geometría diferencial.

Αποθηκεύτηκε σε:
Λεπτομέρειες βιβλιογραφικής εγγραφής
Κύριος συγγραφέας: Ibáñez, Jesús (autor)
Μορφή: Βιβλίο
Γλώσσα:Ισπανικά
Έκδοση: Euskadi, España : Universidad del País Vasco, 2001, c2001
Θέματα:
Ετικέτες: Προσθήκη ετικέτας
Δεν υπάρχουν, Καταχωρήστε ετικέτα πρώτοι!

MARC

LEADER 00000nam^a2200000^a^4500
001 000146437
005 20250521000000.0
009 20260310095911.635
020 |a 84-8373-364-1 
037 |a Acervo ITESO - Biblioteca 
041 |a ESP 
082 |a 531. 01  |b IBA 
100 |a Ibáñez, Jesús  |e (autor) 
245 1 0 |a Manual de mecánica teórica /  |c J. Ibánez. 
264 4 |a Euskadi, España :  |b Universidad del País Vasco,  |c 2001, c2001 
300 |a 122 p. 
336 |a texto  |b txt  |2 rdacontenido 
337 |a sin mediación  |b n  |2 rdamedio 
338 |a volumen  |b nc  |2 rdasoporte 
520 |a Compilación de conceptos teóricos de la mecánica. Contenido: Formulación lagrangiana; Formulación hamiltoniana; Ecuación de Hamilton-Jacobi; Teoría de perturbaciones; Sistemas continuos; Mecánica y geometría diferencial. 
649 |a XX 
650 |a Mecánica del Continuo 
650 |a Ecuaciones de Hamilton-Jacobi 
650 |a Principio de Hamilton 
650 |a Perturbación (Matemáticas) 
650 |a Funciones (Matemáticas) 
650 |a Ecuaciones Diferenciales 
650 |a Sistemas Lineales 
650 |a Sistemas No Lineales 
650 |a Sistemas Dinámicos 
650 |a Geometría Diferencial 
650 |a Física Matemática 
650 |a Mecánica 
650 |a Física -  |x Teoría 
910 |a Fondo General 
920 |a Impresos - Libros 
930 |a Colección General 
905 |a 101 
901 |a 0500075932  |b IT1  |c ACC  |u 20250521 
901 |a 0500076009  |b IT1  |c ACC  |u 20250521 
902 |a https://opac.biblio.iteso.mx/vufind/Record/000146437